000 00351 a2200169 4500
001 184975
020 _a85-262-2078-0
040 _cMagnum
100 _aOliveira, Dos Santos Ronni
240 1 0 _aQue frio !
_lpor
245 1 0 _aQue frio !
300 _a16
362 0 _a1993
440 1 _aScipione
697 _aLITERATURA INFANTIL
942 _cBK
999 _c184975
_d184975